000 00422nam a22001577a 4500
999 _c12307
_d12307
008 221215b 1998 ||||| |||| 00| 0 eng d
020 _a9780751356632
100 _aAsh, Russell
245 _aFactastic Millennium Facts
260 _aLondon
_bDorling Kindersley Limited
_c1999
300 _a128p.
650 _aThe age of religion
650 _aThe age of commerce
650 _aThe age of technology
942 _cGB